| 000 | 00781cam a22002297a 4500 | ||
|---|---|---|---|
| 003 | MX-MxUPN | ||
| 005 | 20240214165033.0 | ||
| 008 | 240123s2005 mx| |||f |||| 000 0 spa d | ||
| 020 | _a968863834X | ||
| 040 |
_aMX-MxUPN _bspa |
||
| 050 | 4 |
_aLC3735 M6 _bC33 2005 |
|
| 100 | 1 |
_951045 _aCabrera Pérez, Anastacio |
|
| 245 | 1 | 0 | _aModernidad y educación para el medio indígena |
| 260 |
_aPuebla, Puebla. : _bBenemérita Universidad Autónoma de Puebla, Preparatoria Urbana "Enrique Cabrera" , _c2005 |
||
| 300 | _a157 páginas | ||
| 490 | 0 | _aContracorriente | |
| 650 | 4 |
_910 _aIndígenas de México _xEducación |
|
| 650 | 4 |
_926382 _aFormación profesional de maestros indígenas |
|
| 902 |
_aGCH230124 _bVíctorGodínez/140224 |
||
| 942 |
_2lcc _cLIBRO |
||
| 999 |
_c210803 _d210803 |
||